00676 2200241 4500001002100000005001700021020002200038035002400060040001200084082001600096084002000112090002000132100002800152245008700180250001100267260003600278300002700314650001800341700001900359850001200378990002200390990002200412YOGYA00000000009890120141020094539.0 a978-602-8316-54-5 0010-021400000000412 aYOPDYOG 2[22]a641.5 aDEP 641.5 Ant v aDEP 641.5 Ant v aAnti Aprilyanti Suganti aVariasi lezat olahan kurmac/ Anti Aprilyanti Suganti ; penyunting, Maftubah Hamid aCet. 1 aYogyakartabPustaka Marwac2013 a31 hlm.bilus.c23 cm. aMasak Memasak aMaftuhah Hamid aYOPDYOG aCB-D.11.2012-2206 aCB-D.11.2012-2207